| 000 | 00846nam a22002297a 4500 | ||
|---|---|---|---|
| 005 | 20250625125124.0 | ||
| 008 | 250625b |||||||| |||| 00| 0 eng d | ||
| 020 | _a978-81-965529-2-3(hbk) | ||
| 037 | _cTB | ||
| 040 |
_aCRL _cCRL |
||
| 041 |
_2pun _apun |
||
| 084 |
_aO153,6x R4 _qCRL |
||
| 100 | _aਢੀਂਗਰਾ, ਪਰਮਜੀਤ | ||
| 245 | _aਇਸ਼ਕ ਦਾ ਰਾਹ ਅਵੱਲੜਾ | ||
| 260 |
_aਪਟਿਆਲਾ, ਭਾਰਤ: _bਔਟਉਮੰ ਆਰਟ, _c2024. |
||
| 300 | _a236 ਪ. | ||
| 365 |
_b295.00 _cINR |
||
| 650 | _aਪੰਜਾਬੀ ਸਾਹਿਤ | ||
| 650 | _aਪੰਜਾਬੀ ਨਿਬੰਧ | ||
| 942 |
_2CC _cTB _hO153,6x R4 _n0 |
||
| 999 |
_c1432917 _d1432917 |
||